| 000 | 00746cam a2200217 i 4500 | ||
|---|---|---|---|
| 005 | 20251228121752.0 | ||
| 008 | 250721s2006 jo gr 000 0 ara d | ||
| 020 | _a9957462091 | ||
| 082 | 1 | 4 |
_a218.6 _bا ب و |
| 100 | 1 |
_aأبو عزة، عبد الله محمد مصطفى _eمؤلف. |
|
| 245 | 1 | 0 |
_aحوار الإسلام والغرب / _cتأليف عبد الله ابو عزة. |
| 250 | _aالطبعه الاولى. | ||
| 264 | 3 | 1 |
_aعمان : _bدار المأمون للنشر والتوزيع، _c2006. |
| 300 | _a301 صفحة. | ||
| 650 | 1 | 7 | _aالإسلام. |
| 650 | 1 | 7 | _aدفاع المطاعن. |
| 650 | 1 | 7 | _aالغرب. |
| 650 | 1 | 7 | _aقضايا الإصلاح. |
| 942 |
_2ddc _cBK |
||
| 999 |
_c99138 _d99138 |
||